| 000 | 00452nam a22001697a 4500 | ||
|---|---|---|---|
| 003 | NUST - PNEC | ||
| 005 | 20170116181121.0 | ||
| 008 | 151005b xxu||||| |||| 00| 0 eng d | ||
| 020 | _a9788131724781 | ||
| 040 | _cLIBRARY | ||
| 082 | _a658.84 TUR | ||
| 100 |
_913508 _aTurban, Efraim |
||
| 245 |
_aElectronic commerce : a managerial perspective _cEfraim Turban |
||
| 260 | _ac.2006 | ||
| 650 |
_913511 _aElectronic commerce _xEL |
||
| 942 |
_2ddc _cBK |
||
| 999 |
_c69567 _d69567 |
||